00441nam a22001457a 450000500170000000800410001702000150005804100130007308200140008610000390010024500550013926000470019430000290024165000250027020231110145055.0231110b |||||||| |||| 00| 0 eng d a0409020869 aEnglish  a346.1 CRO aCronje, DSP and Heaton, JlEnglish aSouth African Family LawcDSP Cronje and J Heaton  aDurban : bLexisNexis Butterworths, c1999 bxv, 287 pages ;c25 cm.  aLegal practice bLaw